Loading...
| Science - Chemistry | 0 | 6 | 0 | 1 | 60 | 119 | 125.33 | 0 | 1 |
| Science - Other Science | 0 | 5 | 0 | 1 | 50 | 83 | 114.80 | 0 | 0 |
| History - World History | 0 | 4 | 0 | 0 | 40 | 95 | 104.50 | 0 | 2 |
| Other Academic | 0 | 3 | 0 | 0 | 30 | 94 | 99.00 | 0 | 1 |
| History - American History | 0 | 3 | 1 | 1 | 25 | 118 | 132.00 | 0 | 0 |
| Current Events | 0 | 1 | 0 | 0 | 10 | 116 | 116.00 | 0 | 0 |
| Fine Arts - Painting & Sculpture | 0 | 1 | 0 | 1 | 10 | 145 | 145.00 | 0 | 0 |
| History - Other History | 0 | 1 | 0 | 0 | 10 | 117 | 117.00 | 0 | 0 |
| Literature - British Literature | 0 | 1 | 0 | 1 | 10 | 147 | 147.00 | 0 | 0 |
| Science - Biology | 0 | 1 | 0 | 1 | 10 | 135 | 135.00 | 0 | 0 |
| Science - Physics | 0 | 1 | 1 | 0 | 5 | 126 | 126.00 | 0 | 0 |